000 00244nam a22000977a 4500
003 SGT
245 _aInternational Journal of Computational Intelligence Research
260 _bWorld Scientific Publication
_c2020
300 _a400
942 _2ddc
_cBV
999 _c29158
_d29158